Countries with the Biggest Economies by GDP (Nominal) - Statistics

General Stats
  • This quiz has been taken 29 times
  • The average score is 19 of 20
Answer Stats
Trillion $ Country % Correct
2.64 Brazil
100%
2.51 Canada
100%
20.9 China
100%
3.60 France
100%
5.45 Germany
100%
4.15 India
100%
1.54 Indonesia
100%
4.38 Japan
100%
2.09 Spain
100%
2.74 Italy
97%
4.26 United Kingdom
97%
32.4 United States
97%
2.12 Australia
93%
2.12 Mexico
93%
2.66 Russia
93%
1.93 South Korea
93%
1.39 Saudi Arabia
86%
1.45 Netherlands
79%
1.15 Switzerland
79%
1.64 Turkey
79%
No matching quizzes found
Score Distribution
Percent of People with Each Score
Percentile by Number Answered
Your Score History
You have not taken this quiz